<?xml version="1.0" encoding="UTF-8"?>
<record
    xmlns:xsi="http://www.w3.org/2001/XMLSchema-instance"
    xsi:schemaLocation="http://www.loc.gov/MARC21/slim http://www.loc.gov/standards/marcxml/schema/MARC21slim.xsd"
    xmlns="http://www.loc.gov/MARC21/slim">

  <leader>00581nam a22001817a 4500</leader>
  <controlfield tag="008">230616b        |||||||| |||| 00| 0 eng d</controlfield>
  <datafield tag="040" ind1=" " ind2=" ">
    <subfield code="a">National Science Library</subfield>
    <subfield code="c">National Science Library</subfield>
  </datafield>
  <datafield tag="080" ind1=" " ind2=" ">
    <subfield code="a">R 05(058.7) </subfield>
    <subfield code="b">K9.2</subfield>
  </datafield>
  <datafield tag="245" ind1=" " ind2=" ">
    <subfield code="a">Ulrich's international periodicals directory </subfield>
    <subfield code="c">/ R. R. Bowker Company </subfield>
  </datafield>
  <datafield tag="250" ind1=" " ind2=" ">
    <subfield code="a">13th ed. (1969-70)</subfield>
  </datafield>
  <datafield tag="260" ind1=" " ind2=" ">
    <subfield code="a">New York: </subfield>
    <subfield code="b">R. R. Bowker Company, </subfield>
    <subfield code="c">1969</subfield>
  </datafield>
  <datafield tag="300" ind1=" " ind2=" ">
    <subfield code="a">lxii, 1755p. </subfield>
  </datafield>
  <datafield tag="500" ind1=" " ind2=" ">
    <subfield code="a">Vol.1 (A-L)
Vol.2 (M-Z)

</subfield>
  </datafield>
  <datafield tag="650" ind1=" " ind2=" ">
    <subfield code="a">Science </subfield>
  </datafield>
  <datafield tag="653" ind1=" " ind2=" ">
    <subfield code="a">Directory </subfield>
  </datafield>
  <datafield tag="700" ind1=" " ind2=" ">
    <subfield code="a">Graves, Eileen C (Ed.) </subfield>
  </datafield>
  <datafield tag="942" ind1=" " ind2=" ">
    <subfield code="2">udc</subfield>
    <subfield code="c">DIR</subfield>
  </datafield>
  <datafield tag="999" ind1=" " ind2=" ">
    <subfield code="c">52011</subfield>
    <subfield code="d">52011</subfield>
  </datafield>
  <datafield tag="952" ind1=" " ind2=" ">
    <subfield code="0">0</subfield>
    <subfield code="1">0</subfield>
    <subfield code="2">udc</subfield>
    <subfield code="4">0</subfield>
    <subfield code="6">R_050587_K91</subfield>
    <subfield code="7">0</subfield>
    <subfield code="9">82974</subfield>
    <subfield code="a">NSL</subfield>
    <subfield code="b">NSL</subfield>
    <subfield code="c">GF/Rk-8/C-5/R-2</subfield>
    <subfield code="d">2023-07-13</subfield>
    <subfield code="h">Vol. 1, 1969</subfield>
    <subfield code="l">0</subfield>
    <subfield code="o">R 05(058.7)  K9.1</subfield>
    <subfield code="p">34088</subfield>
    <subfield code="r">2023-07-13 00:00:00</subfield>
    <subfield code="w">2023-07-13</subfield>
    <subfield code="y">DIR</subfield>
  </datafield>
  <datafield tag="952" ind1=" " ind2=" ">
    <subfield code="0">0</subfield>
    <subfield code="1">0</subfield>
    <subfield code="2">udc</subfield>
    <subfield code="4">0</subfield>
    <subfield code="6">R_050587_K92</subfield>
    <subfield code="7">0</subfield>
    <subfield code="9">82978</subfield>
    <subfield code="a">NSL</subfield>
    <subfield code="b">NSL</subfield>
    <subfield code="c">GF/Rk-8/C-5/R-2</subfield>
    <subfield code="d">2023-07-13</subfield>
    <subfield code="h">Vol. 2, 1969</subfield>
    <subfield code="l">0</subfield>
    <subfield code="o">R 05(058.7)  K9.2</subfield>
    <subfield code="p">34089</subfield>
    <subfield code="r">2023-07-13 00:00:00</subfield>
    <subfield code="w">2023-07-13</subfield>
    <subfield code="y">DIR</subfield>
  </datafield>
  <datafield tag="952" ind1=" " ind2=" ">
    <subfield code="0">0</subfield>
    <subfield code="1">0</subfield>
    <subfield code="2">udc</subfield>
    <subfield code="4">0</subfield>
    <subfield code="6">R_050587_K92</subfield>
    <subfield code="7">0</subfield>
    <subfield code="9">82984</subfield>
    <subfield code="a">NSL</subfield>
    <subfield code="b">NSL</subfield>
    <subfield code="c">GF/Rk-8/C-5/R-2</subfield>
    <subfield code="d">2023-07-13</subfield>
    <subfield code="h">Vol. 2, 1969</subfield>
    <subfield code="l">0</subfield>
    <subfield code="o">R 05(058.7)  K9.2</subfield>
    <subfield code="p">34230</subfield>
    <subfield code="r">2023-07-13 00:00:00</subfield>
    <subfield code="w">2023-07-13</subfield>
    <subfield code="y">DIR</subfield>
  </datafield>
</record>
